000 00321nam a2200145Ia 4500
100 _aYizze/James P
942 _cBK
654 _aPrecalculus
245 _aFunctional Approach to Precalculus
260 _bWorth Publishers
_aNewyork
_c1970
082 _a512.1
_bYIZ
300 _a552
546 _aENGLISH
999 _c21507
_d21507